00640nam a2200193Ia 4500008004100000020001400041082001500055100002300070245005300093250000800146260004500154300002900199500001900228600002100247650005000268942000700318952010600325999001500431240925s9999 xx 000 0 und d a139737448 a004.62 STA aStallings, William 0aISDN and Broadband ISDN with Frame Relay and ATM a4th aNew Jersey:bPrintice- Hall Int.c,1999. axiii,877p.bNAfOriginal aIncludes Index aComputer Science aComputer science, information & general works cBK 001040708CSaUITUbUITUd2001-04-11eNAl0o004.62 STApQ3565r2024-09-25 07:13:11w2024-09-25yBK c6064d6064